000 00302nam a22001337a 4500
008 170925b xxu||||| |||| 00| 0 eng d
020 _a2900132085167
041 _aeng
080 _22ND
_a37
100 _a46
101 _aEDU
245 _aLEARNING TO PROGRAM WITH ALICE
_cDANN,W.P
942 _2udc
_cBK
999 _c29528
_d29528